Evolution psychology as maladapted psychology. (Record no. 131299)
[ view plain ]
| 000 -LEADER | |
|---|---|
| fixed length control field | 00462nam a22001457a 4500 |
| 008 - FIXED-LENGTH DATA ELEMENTS--GENERAL INFORMATION | |
| fixed length control field | 220411b |||||||| |||| 00| 0 eng d |
| 020 ## - INTERNATIONAL STANDARD BOOK NUMBER | |
| International Standard Book Number | 9780262182607. |
| 050 ## - LIBRARY OF CONGRESS CALL NUMBER | |
| Classification number | BF698.95.R44 2007 |
| 100 ## - MAIN ENTRY--PERSONAL NAME | |
| Personal name | Richardson,C.Robert |
| 9 (RLIN) | 51314 |
| 245 ## - TITLE STATEMENT | |
| Title | Evolution psychology as maladapted psychology. |
| Statement of responsibility, etc | Robert C.Richardson |
| 260 ## - PUBLICATION, DISTRIBUTION, ETC. (IMPRINT) | |
| Place of publication, distribution, etc | London: |
| Name of publisher, distributor, etc | The MIT Press, |
| Date of publication, distribution, etc | 2007. |
| 300 ## - PHYSICAL DESCRIPTION | |
| Extent | xi |
| Other physical details | 213p.; |
| Dimensions | 23cm. |
| 650 ## - SUBJECT ADDED ENTRY--TOPICAL TERM | |
| Topical term or geographic name as entry element | evolutionary psychology |
| 9 (RLIN) | 51315 |
| 942 ## - ADDED ENTRY ELEMENTS (KOHA) | |
| Source of classification or shelving scheme | Library of Congress Classification |
| Item type | Monograph ( Printed materials) |
| Withdrawn status | Lost status | Source of classification or shelving scheme | Damaged status | Not for loan | Collection code | Home library | Current library | Date acquired | Total Checkouts | Full call number | Barcode | Date last seen | Price effective from | Koha item type |
|---|---|---|---|---|---|---|---|---|---|---|---|---|---|---|
| Library of Congress Classification | Main Collection | ARRUPE LIBRARY | ARRUPE LIBRARY | 11/04/2022 | BF698.95.R44 2007 | 46600009233 | 11/04/2022 | 11/04/2022 | Monograph ( Printed materials) |